Hot or Not? - Statistics

General Stats
  • This quiz has been taken 45 times
    38 since last reset
  • The average score is 16 of 37
Answer Stats
Question Answer % Correct
Ivan The Terrible Not
100%
Mao Zedong Not
100%
Lester B. Pearson Not
100%
Marcus Brutus Not
100%
Marie Antoinette Hot
75%
Catherine The Great Hot
75%
Charlemagne Not
75%
Angela Merkel Not
75%
Genghis Khan Not
75%
Hirohito Not
75%
Mark Antony Not
75%
Mackenzie King Not
75%
Benito Pablo Juárez García Not
75%
Queen Victoria Hot
50%
Justin Trudeau Not
50%
Julius Caesar Not
50%
Alexander The Great Not
50%
Adolf Hitler Hot
25%
Otto Von Bismarck Hot
25%
Donald Trump Hot
25%
Pachacuti of the Incans Hot
25%
Napolean Bonaparte Hot
25%
Pope Urban Hot
25%
Emperor Qin Shi Huang Hot
25%
Sejong the Great Hot
25%
Karl Marx Hot
25%
Franz Ferdinand Hot
25%
Mahatma Gandhi Hot
25%
King Tut Hot
25%
Julio Roca Hot
0%
Joe Biden Hot
0%
Vladimir Lenin Hot
0%
Pope Francis Hot
0%
Benito Mussolini Hot
0%
Pol Pot Hot
0%
Ayatollah Khomeini Hot
0%
Muammar Gaddafi Hot
0%
No matching quizzes found
Score Distribution
Percent of People with Each Score
Percentile by Number Answered
Your Score History
You have not taken this quiz since the last reset